Peru - prawda czy fałsz? - Statystyki

Ogólne statystyki
  • Ten quiz został rozwiązany 1 058 razy
    1 057 od ostatniego zresetowania
  • Średni wynik to 8 z 15
Statystyki odpowiedzi
Zagadnienie Odpowiedź % Poprawnych
Pieczona świnka morska to peruwiański przysmak. Prawda
75%
Lamy są bliskimi krewnymi wielbłądów. Prawda
69%
Peru najdłuższą granicę posiada z Kolumbią. Fałsz
67%
Ludzie zamieszkują wyspy z trzcin, które pływają na jeziorze Titicaca. Prawda
65%
Peru posiada wydmę o wysokości ponad kilometra. Prawda
65%
Ziemniaki pochodzą z Peru. Prawda
62%
Amazonka posiada źródło na terenie Peru. Prawda
61%
Peru ma największe miasto niepołożone na wyspie na Ziemi niepołączone drogami. Prawda
61%
Quechua to napój z liści koki. Fałsz
44%
Machu Picchu to najstarsza stworzona przez człowieka konstrukcja w obu Amerykach. Fałsz
40%
Peru jest jedynym państwem, położonym w Ameryce, którego nazwa składa się z czterech liter. Fałsz
38%
Najgłębszy kanion, położony w Ameryce znajduje się w Peru. Prawda
38%
Świetlisty Szlak to szamański porządek w peruwiańskim lesie deszczowym. Fałsz
37%
Inkowie zostali podbici przez konkwistadora Hernána Cortés. Fałsz
35%
Były prezydent Alberto Fujimori mieszkał w największej posiadłości Limy o powierzchni ponad 15 km². Fałsz
26%
Nie znaleziono quizów pasujących do podanych kryteriów
Rozkład punktacji
Procent ludzi z każdym wynikiem
Percentyl według liczby udzielonych odpowiedzi
Twoja historia wyników
Nie rozwiązałeś tego quizu od ostatniego zresetowania